Thanh tra
保存先:
| フォーマット: | 図書 |
|---|---|
| 言語: | Undetermined |
| 出版事項: |
Hà Nội
Thanh tra Chính phủ
2020
|
| 主題: | |
| タグ: |
タグ追加
タグなし, このレコードへの初めてのタグを付けませんか!
|
| Thư viện lưu trữ: | Trung tâm Học liệu Trường Đại học Cần Thơ |
|---|
| LEADER | 00502nam a2200181Ia 4500 | ||
|---|---|---|---|
| 001 | CTU_235682 | ||
| 008 | 210402s9999 xx 000 0 und d | ||
| 020 | |c 0 | ||
| 082 | |a 352.83 | ||
| 082 | |b Th107 | ||
| 245 | 0 | |a Thanh tra | |
| 245 | 0 | |c Cơ quan của Thanh tra Chính phủ | |
| 260 | |a Hà Nội | ||
| 260 | |b Thanh tra Chính phủ | ||
| 260 | |c 2020 | ||
| 650 | |a Hành chính công,Public administration | ||
| 904 | |i Trang | ||
| 980 | |a Trung tâm Học liệu Trường Đại học Cần Thơ | ||